LEADER 00898nas 2200289-a 450 001 9910898273703321 005 20240413024550.0 035 $a(CKB)111056645950298 035 $a(CONSER)--2003248024 035 $a(EXLCZ)99111056645950298 100 $a20030205b20012001 --- - 101 0 $aspa 200 10$aItinerario 210 $aMéxico, D.F. $cEditorial Itinerario 215 $a1 online resource 300 $aRefereed/Peer-reviewed 311 08$aPrint version: Itinerario (Mexico City (Mexico)) 1665-0999 (DLC)--2003248024 (OCoLC)51579669 606 $aMexican literature$vPeriodicals 606 $aArts, Modern$zMexico$vPeriodicals 607 $aMexico$xIntellectual life$vPeriodicals 615 0$aMexican literature 615 0$aArts, Modern 906 $aJOURNAL 912 $a9910898273703321 920 $aexl_impl conversion 996 $aItinerario$9893291 997 $aUNINA